| 000 | 00864nam a22002057a 4500 | ||
|---|---|---|---|
| 999 |
_c3279 _d3279 |
||
| 003 | AR-CdUCM | ||
| 008 | 190306b ||||| |||| 00| 0 spa d | ||
| 040 |
_aMUNICIPALIDAD PROVINCIAL DEL CUSCO _cBIBLIOTECA MUNICIPAL DEL CUSCO |
||
| 082 |
_a344.61 / _bZ17 |
||
| 100 |
_aZaffaroni, Eugenio Raul _910923 |
||
| 245 |
_aPolitica Criminal : _b"Presupuestos Cientificos para la reforma del codigo penal" |
||
| 260 |
_aPerú : _bJuridicas , _c1986. |
||
| 300 |
_a238 páginas ; _c20.5 cm. |
||
| 505 | _aContenido: Delitos contra la vida, el Cuerpo y la Salud -- Delitos contra el honor -- Delitos contra la Familia -- Delitos contra la libertad -- Delitos contra el Patrimonio -- Delito contra la Confianza Publica... | ||
| 650 |
_aCodigo Penal Peruano _910924 |
||
| 650 |
_aCodigo Civil _910925 |
||
| 650 |
_aDerecho Penal _95831 |
||
| 942 |
_2ddc _cLIBROS |
||
| 945 | _artm | ||